000 00429nam a2200169Ia 4500
008 230711s9999||||xx |||||||||||||| ||und||
020 _a978-1-61737-953-6
041 _aENG
082 _a616.042
_bDI-D
100 _aDiStefano,Johanna K
245 0 _aDisease gene identification : Methods and protocols
250 _a1st Ed.
260 _c2011
_aNew York
_bHumana Press
300 _a312p.
650 _aPharmacy
942 _cBK
999 _c7206
_d7206